00489nam a2200193Ia 4500003000400000005001700004008004100021020001400062040000700076041000800083082002200091100001600113245005900129260004300188300001600231365001300247650000800260650002700268OSt20230401121514.0210423s2005 xx 000 0 und d a921278630 cAL aeng a343.0998 AHUB223 aAHUJA (B N) aHistory of Indian press: growth of newspapers in India aNew DelhibSurjeeth Publicationsc2005 aVII,203bPB b160cINR aLaw aMilitary Tax Trade Law